01002nam a22002657a 4500003000900000005001700009008004000026040002200066092004100088100001900129245005500148260004100203300002900244650004000273650004100313650004900354650003600403650004100439910003700480942001200517945002800529952014700557956001700704999001500721DO-SdBNP20180403103946.0160412b dr||||| |||| 00| 0 spa d aBPMSUbspacBPMSU a372.7 b N964m 2do. [20--?] aMarcelo, Nidia aNueva matemática 2 : bsegundo curso de primaria aSanto Domingo : bSusaeta, c[20--?] a200 p. : bil. : c27 cm aMATEMÁTICASxENSEÑANZA BÁSICA aMATEMÁTICASxENSEÑANZA ELEMENTAL aEDUCACIÓN PRIMARIAzREPÚBLICA DOMINICANA aMATEMÁTICASxLIBROS DE TEXTOS aMATEMÁTICASxESTUDIOS Y EJERCICIOS aValidado. Control de calidad MFF 2ddccBK aInventariado, 2018 / BT 00102ddc40708CGaBPMETbBPMETd2016-04-14eDonaciónl0o372.7 N964m 2do., [20--?]pBPMSU16040442r2016-04-14w2016-04-14yBK adaysi garcia c9712d9712